logo

Bir Sreshtho Munshi Abdur Rouf Library
Jhenaidah Cadet College

মাদাম বোভারি / (Record no. 1317)

MARC details
000 -LEADER
fixed length control field 00681nam a2200229 a 4500
001 - CONTROL NUMBER
JCCL Control Number 1317
003 - CONTROL NUMBER IDENTIFIER
JCCL marc code BD-JhCC
005 - DATE AND TIME OF LATEST TRANSACTION
control field 20171017205328.0
008 - FIXED-LENGTH DATA ELEMENTS--GENERAL INFORMATION
fixed length control field 171017s1997 b ||||| |||| 00| 0 b d
020 ## - INTERNATIONAL STANDARD BOOK NUMBER
International Standard Book Number 9840736108
035 ## - SYSTEM CONTROL NUMBER
system control number (BD-JhCC)1317
040 ## - CATALOGING SOURCE
Original cataloging agency BD-JhCC
Modifying agency BD-JhCC
041 ## - LANGUAGE CODE
Language code of Book ben
082 ## - DEWEY DECIMAL CLASSIFICATION NUMBER
DDC Edition number 23
Classification number 840.8
Author mark and Year TAR 1997
100 ## - MAIN ENTRY--PERSONAL NAME
Personal name তারেক, জাহাঙ্গীর
245 ## - TITLE STATEMENT
Title মাদাম বোভারি /
Statement of responsibility, etc জাহাঙ্গীর তারেক,
260 ## - PUBLICATION, DISTRIBUTION, ETC. (IMPRINT)
Place of publication, distribution, etc ঢাকা :
Name of publisher, distributor, etc বাংলা একাডেমী,
Date of publication, distribution, etc ১৯৯৭
300 ## - PHYSICAL DESCRIPTION
Pagination 405 p. :
Dimensions 22cm.
650 ## - SUBJECT ADDED ENTRY--TOPICAL TERM
Topical term or geographic name as entry element Madame Bovary
General subdivision Novel
942 ## - ADDED ENTRY ELEMENTS (KOHA)
Source of classification or shelving scheme Dewey Decimal Classification
Koha item type Books
Holdings
Source of classification or shelving scheme Damaged status Not for loan Home library Current library Shelving location Cost, normal purchase price Total Checkouts Full call number Barcode Date last seen Copy number Koha item type
Dewey Decimal Classification     JCC Rouf Library JCC Rouf Library General Stacks 190.00   840.8 TAR 1997 2284 10/17/2017 C-1 Books

JCC Library | Contacts | JCC Home

Last Update on 23 September 2017
Copyright @ 2017-2020 JCC Rouf Library
Rouf Library, Jhenidah Cadet College (JCC), Bangladesh